000 00867nam a22002657a 4500
005 20170124105922.0
010 _aA-464845
020 _c00.00
_a8185047733
035 _aA-464845
037 _bCen Lib/Ret
040 _aDPL
_bEN
082 _a306.74
100 _aTarachand,K.C.
_95030
245 _aDevadasi custom :
_cby K.C. Tarachand
_bRural social structure and flesh markets /
260 _aNew Delhi
_bReliance publishing house
_c1991
270 _a3026/7H,Ranjit nagar
_bNew Delhi
_e110008
300 _axviii,143p. :
_c20cm(Hb)
_bill.
500 _aIncludes bibliography reference index
650 _aSocial structure
_95031
650 _aKarnataka
_95032
650 _a सामाजिक संरचना
_9239
650 _aकर्नाटक कस्टम
_95033
700 _94771
942 _2ddc
_cEN
_h306.74
_mTAR
999 _c123253
_d123253